Polskie Miasta - prawda czy fałsz? - Statystyki

Ogólne statystyki
  • Ten quiz został rozwiązany 117 razy
  • Średni wynik to 10 z 15
Statystyki odpowiedzi
Zagadnienie Odpowiedź % Poprawnych
Gniezno było pierwszą stolicą Polski Prawda
100%
Na literę Ć nie istnieje żadne miasto w Polsce Fałsz
89%
Województwo Opolskie posiada najmniej miast Prawda
89%
W Polsce nie ma miast poniżej 1 tyś. mieszkańców Fałsz
78%
W Polsce jest powyżej 35 miast powyżej 100 tyś mieszkańców Prawda
72%
Z rozpoczęciem roku 2024 Polska zyskała 40 nowych miast Fałsz
67%
Największym powierzchniowo miastem w Polsce jest Warszawa Fałsz
67%
Żadne stolica Województwa nie ma poniżej 100 tyś mieszkańców Prawda
67%
Opatowiec to miasto posiadające najmniejszą populację Prawda
67%
W Polsce jest ponad 1000 miast Prawda
61%
Kalisz jest najstarszym Polskim miastem Fałsz
56%
W województwie Mazowieckim jest najwięcej miast Fałsz
56%
11 miast jest siedzibami sądu apelacyjnego Prawda
56%
W Polsce jest ponad 100 miast prezydenckich Prawda
56%
Łódź jest 3 największym Polskim miastem Fałsz
33%
Nie znaleziono quizów pasujących do podanych kryteriów
Rozkład punktacji
Procent ludzi z każdym wynikiem
Percentyl według liczby udzielonych odpowiedzi
Twoja historia wyników
Nie rozwiązałeś tego quizu